000
00278nam a2200133Ia 4500
100
_a
Krechmar/V.A
942
_c
BK
654
_a
Algebra
245
_a
Problem Book In Algebra
260
_b
Mir Publishers
_a
Moscow
_c
1974
082
_a
512
300
_a
504
546
_a
ENGLISH
999
_c
20020
_d
20020